000 00270nam a2200121Ia 4500
100 _aWagener& Arthur
942 _cBK
654 _amachine
245 _aTheory & Practice Machine Shop
260 _bAffilated East West Press
_c2001
300 _a306
546 _aENGLISH
999 _c23994
_d23994